00607nam a2200157 a 450000100100000000500170001000800410002704000250006824500600009326001240015330000200027750000210029704900090031895201050032799900170043200002983020200930055835.0110426s2002 dr 000 0 spa d aDO-SdBNPbspacBNPHU00aBoletín de adquisiciones :bmayo 2000-diciembre 2001. aSanto Domingo :bSociedad Dominicana de BibliófilosbBiblioteca Enrique Apolinar Enríquez,c2002.fEditora Corripio a81 p. ;c23 cm. aIncluye índice aBNPD 0010718PDaPDbPDcCTd2011-04-26iLF1l0o p29830-10r2020-06-25w2020-06-25yLFPDZNo se presta c29322d29322